Szczegóły MARC21

Rzym /

003 -Nazwa inst., której nr kontr. jest w polu 001 [,]
    • @
    • Nazwa instytucji, której n kontrolny jest w polu 001
    • NUKAT
005 -DATA I CZAS OSTATNIEJ MODYFIKACJI [,]
    • @
    • pole kontrolne
    • 20241231113423.0
040 -Instytucja sporządzająca opis [ , ]
    • a
    • Instytucja, która sporządziła opis (NP)
    • LUBL KUL/KD
    • c
    • Instytucja, która sporządziła rekord (NP)
    • LUBL KUL/KD
    • d
    • Instytucja, która zmodyfikowała rekord (P)
    • LUBL KUL/KG
    • d
    • Instytucja, która zmodyfikowała rekord (P)
    • KR 119/jps
041 -Język dokumentu [1, ]
    • a
    • Język tekstu (P)
    • polski
    • h
    • Język tekstu oryginalnego i/lub pośredniego (P)
    • francuski
942 -Rodzaj dokumentu [ , ]
    • c
    • Rodzaj dokumentu
    • Książka
100 -Hasło główne - nazwa osobowa [1, ]
    • a
    • Nazwa osobowa (NP)
    • Zola, Émile
    • d
    • Daty biograficzne (NP)
    • (1840-1902).
    • 9
    • KHW
    • 13809
240 -Tytuł ujednolicony [1,0]
    • a
    • Tytuł ujednolicony
    • Rome
    • l
    • Język tekstu
    • (pol.)
    • 9
    • KHW
    • 445851
245 -Strefa tytułu i oznaczenia odpowiedzialności [1,0]
    • a
    • Tytuł
    • Rzym / Find
    • c
    • Pozostałe elementy strefy tytułu i oznaczenia odpowiedzialności (NP)
    • Emil Zola ; przeł. Hanna Szumańska-Grossowa, Irena Wieczorkiewicz.
260 -Strefa adresu wydawniczego [ , ]
    • a
    • Miejsce wydania (P)
    • Warszawa :
    • b
    • Nazwa wydawcy (P)
    • Państwowy Instytut Wydawniczy,
    • c
    • Data wydania (P)
    • 1959.
300 -Strefa opisu fizycznego [ , ]
    • a
    • Określenie formy książki i/lub objętość (NP)
    • 487, [1] s. ;
    • c
    • Format (NP)
    • 22 cm.
336 -Typ zawartości [ , ]
    • a
    • Termin opisujący typ zawartości
    • Tekst
    • b
    • Kod określający zawartość
    • txt
    • 2
    • Źródło (terminu i kodu)
    • rdacontent
337 -Typ mediów [ , ]
    • a
    • Tryb odtwarzania
    • Bez urządzenia pośredniczącego
    • b
    • Kod typu mediów
    • n
    • 2
    • Źródło (terminu i kodu)
    • rdamedia
338 -Typ/rodzaj nośnika [ , ]
    • a
    • Hasło opisujące typ nośnika
    • Wolumin
    • b
    • Kod typu nośnika
    • nc
    • 2
    • Źródło (terminu i kodu)
    • rdacarrier
490 -Strefa serii i książki wielotomowej - forma nie do wyszukiwania [1, ]
    • a
    • Tytuł (P)
    • Trzy miasta / Emil Zola ; Find
    • v
    • Numeracja (P)
    • 2
080 -Uniwersalna Klasyfikacja Dziesiętna [ , ]
    • a
    • Symbol klasyfikacji
    • 840-31
655 -Hasło w funkcji tematu formalnego [ ,7]
    • a
    • Hasło
    • Powieść francuska
    • y
    • Określnik chronologiczny
    • 1870-1914
    • v
    • Określnik formy
    • tłumaczenia polskie.
    • 2
    • Źródło terminu
    • kaba
    • 9
    • KHW
    • 360390
980 -Symbol UKD [ , ]
    • a
    • UKD
    • 840-31
700 -Hasło dodatkowe - nazwa osobowa [1, ]
    • a
    • Nazwa osobowa (NP)
    • Szumańska-Grossowa, Hanna Find
    • d
    • Daty biograficzne (NP)
    • (1919-1973).
    • e
    • Określenie rodzaju współpracy
    • Tł.
    • 9
    • KHW
    • 57779
700 -Hasło dodatkowe - nazwa osobowa [1, ]
    • a
    • Nazwa osobowa (NP)
    • Wieczorkiewicz, Irena. Find
    • e
    • Określenie rodzaju współpracy
    • Tł.
    • 9
    • KHW
    • 95293
710 -Hasło dodatkowe - nazwa ciała zbiorowego [2, ]
    • a
    • Nazwa ciała zbiorowego lub nazwa geograficzna jako pierwszy element (NP)
    • Państwowy Instytut Wydawniczy.
    • 4
    • Kod relacji
    • pbl
    • 9
    • KHW
    • 51410
800 -Hasło dodatkowe opisu książki wielotomowej - nazwa osobowa [1, ]
    • a
    • Nazwa osobowa (NP)
    • Zola, Émile
    • d
    • Daty biograficzne (NP)
    • (1840-1902).
    • t
    • Tytuł ujednolicony/tytuł (NP)
    • Trois villes
    • l
    • Język tekstu (NP)
    • (pol.)
    • 9
    • KHW
    • 458990
Numer inwentarzowy Status udost. Lokalizacja Data inwentaryzacji Sygnatura
W.183559-3BG1995-10-25W.183559
JK.1291BG2002-11-18 
SN.33923-3BG